zpět

Detail výsledku týmu

The PUB Praha 6 , Praha

Datum a čas kvízu

29.5 Celkem bodů Celkový počet nahraných bodů na tomto kvízu bez doplňovacích otázek.
6. Pořadí na kvízu Konečné umístění týmu na tomto kvízu.

Zaznamenané odpovědi

# Otázka Odpověď Body Výsledky
1. V pondělí se konal ustavující... GEN 1
2. Mladý chirurg z Tchaj-peje si... C) vasektomii (sterilizaci) 1
3. Ministerstvo kultury učinilo d... C) česká pivní kultura 1
4. Jak se nazývá zvířecí znamení... had 0
5. Minulý týden proběhl v estonsk... v krasobruslení 0
6. Začneme největšími společnými... Poupata, Michal David 1
7. Napište anglický dvouslovný ná... step aerobic 1
8. Tato cvičební metoda se snaží... Pilates 1
9. Jógu, přesněji řečeno hatha jó... ásany 1
10. Tato žena se narodila v roce 1... Jane Fonda 1